000 00492nam a2200169 i 4500
001 61691
003 ES-MaACL
005 20240526062938.0
007 t|
008 031113s1909 fr ||||1| fre d
100 1 _aFaguet, Émile,
_d1847-1916
_948632
245 1 0 _aDiscussions politiques /
_cEmilé Faguet.
260 _a[S.l. :
_bs.n.,
_c1909] (
_ePoitiers :
_fSoc. Française d'Imprimerie)
300 _a421 p. ;
_c18 cm.
852 _aES-MaACL
_jF-422
999 _c61691
_d61691